Gaming Quiz

Random Gaming or Logo Quiz

Video Game Logos Quiz Stats

 Plays Quiz Updated May 17, 2018

Challenge
Share
Tweet
Score 0/20 Timer 04:00
32 Plays Today
Video Game % Correct
World of Warcraft
90.8%
Halo
84.7%
Mortal Kombat
82.2%
The Legend of Zelda
80.4%
Assassin's Creed
76.6%
Portal
73.8%
Rocket League
73.8%
Overwatch
72.9%
Half-Life
69.9%
Elder Scrolls V: Skyrim
69.2%
Video Game % Correct
Gears of War
65.6%
Super Smash Bros.
63.5%
Kingdom Hearts
61.5%
Destiny
58.5%
Counter-Strike: Global Offensive
58.2%
Hearthstone
55.1%
Forza
53.3%
Ark: Survival Evolved
52.5%
World of Tanks
42.9%
Dota 2
40.4%

You're not logged in!

Compare scores with friends on all Sporcle quizzes.
Join for Free
OR
Log In

You Might Also Like...

Show Comments

Extras

Top Quizzes Today


Score Distribution

Your Account Isn't Verified!

In order to create a playlist on Sporcle, you need to verify the email address you used during registration. Go to your Sporcle Settings to finish the process.

Report this User

Report this user for behavior that violates our Community Guidelines.

Details: